1765 1333 1642 1383 1207 1030 1904 1324 1880 1506 1557 1114 1374 1031 1772 1975 1950 1283 1439 1633 1709 1745 1335 1781 1600 1422 1407 1673 1842 1894 1224 1150 1176 1764 1100 1260 1060 1422 1075 1610 1490 1831 1568 1678 1207 1023 1439 1605 1608 1230 1767 1518 1496 1222 1143 1246 1864 1530 1581 1842 1779 1220 1040 1833 1195 1357 1554 1788 1816 1622 1843 1592 1946 1138 1328 1315 1847 1324 1361 1535 1220 1517 1768 1825 1315 1542 1314 1865 1254 1786 1985 1690 1637 1717 1170 1554 1143 1164 1376 BCNSPRNW ULIB Ver.6.0+V

เปลี่ยนเป็นภาษาไทย

Change to English
 แสดงรายละเอียดบรรณานุกรม
  กลับหน้าหลัก

Brief Record : Get Marc (ISO 2709) : E-mail record : QR code < ปิดหน้าต่าง
LEADER : 00000nam 2200000uu 4500
001    13399125195
003     ULIB
008    161109s2547||||th 000 0 tha d
099    ^aวจ.WY18.2^bม335ค
100 0  ^aมัณฑนา สุพรรณไพบูลย์
245 00 ^aความสัมพันธ์ระหว่างกิจกรรมการเรียนการสอน สภาพแวดล้อมของสถาบันการศึกษากับพฤติกรรมการแสดงออกอย่างเหมาะสมของนักศึกษาพยาบาลศาสตร์ ชั้นปีที่ 3/^cมัณฑนา สุพรรณไพบูลย์
260    ^aนครสวรรค์ :^bวิทยาลัยพยาบาลบรมราชชนนี สวรรค์ประชารักษ์ นครสวรรค์ ^c2547
300    ^a91 หน้า :^bตาราง
945    ^p0^l0^i001471
999    ^aวรรณษา ชูชัยมงคล
รายการนี้ยังไม่มีแท็ก
คุณยังไม่ได้ล็อกอิน คุณสามารถมีกิจกรรมร่วมกับเว็บไซต์ได้ แต่ต้องล็อกอินก่อน ::
  ล็อกอิน

รายการสื่อสารสนเทศ

ลำดับที่ ประเภท เลขเรียก/บาร์โค้ด สถานที่ สถานะ
1. งานวิจัย
งานวิจัย
วจ.WY18.2 ม335ค ฉ.1 
  Barcode: 001471
ห้องสมุดวิทยาเขตสวรรค์ประชารักษ์
►วิจัย
บนชั้น

BibComment


ยังไม่เคยถูกคอมเมนท์

คอมเมนท์ทรัพยากรรายการนี้
  คอมเมนท์: ความสัมพันธ์ระหว..


 Copyright 2026. Bcnsprnw @Library